000
00302nam a2200121Ia 4500
008
211105s9999 xx 000 0 und d
020
_a
VYASA12732
100
_a
K P Jog
245
0
_a
SuresvaraS Vartika Onmadhu Brahmana
250
_a
1st
260
_b
Motilal Banarsidass Publishers
_c
\N
300
_a
694
999
_c
11094
_d
11094